| 000 | 00436nam a2200193Ia 4500 | ||
|---|---|---|---|
| 005 | 20240823045813.0 | ||
| 008 | 240823s9999||||xx |||||||||||||| ||und|| | ||
| 020 | _a978-81-250-1610-6 | ||
| 041 | _aENGLISH | ||
| 082 | _A333.43 Q1 | ||
| 100 | _aChandra Bipam | ||
| 245 | 0 | _aEssays on Colonialism | |
| 250 | _a1st | ||
| 260 |
_c2011 _bOrient Black |
||
| 500 | _aYES | ||
| 650 |
_aEaasy _bGeneral |
||
| 942 | _cBK | ||
| 999 |
_c215802 _d215802 |
||